000
00302nam a22001217a 4500
020
_a
9781408855652
040
_c
NUST
082
_a
823
_b
ROW
100
_a
Rowling, J K
_9
11309
245
_a
Harry Potter And The Philosophers Stone
260
_a
UK:
_b
Bloomsbury Publishing,
_c
2014.
942
_2
ddc
_c
BK
999
_c
586222
_d
586222